000 00283nam a22001337a 4500
008 170620b xxu||||| |||| 00| 0 eng d
020 _a9951021026
041 _aALB
080 _a32
100 _a20
101 _aSHP
245 _aPOLITIKA DHE DEMOKRACIA
_cKVAL
942 _2udc
_cBK
999 _c18289
_d18289